| 000 | 00461nam a2200157Ia 4500 | ||
|---|---|---|---|
| 008 | 220216s9999 xx 000 0 und d | ||
| 100 | _aTan K H | ||
| 245 | 0 | _aCalopogonium caeruleum, a shade-tolerant leguminous cover for rubber | |
| 260 | _bProceedings of the RRIM Planters Conference, Kuala Lumpur, 1976; p45-59 | ||
| 650 | _aHevea | ||
| 650 | _aLeguminous cover | ||
| 700 | _aPushparajah E | ||
| 700 | _aShepherd R | ||
| 700 | _aTeoh C H | ||
| 942 | _cJS | ||
| 999 |
_c55050 _d55050 |
||